Science Quiz

Random Science Quiz

Mass Spectrometry Quiz Stats

 Plays Quiz not verified by Sporcle

Challenge
Share
Tweet
Embed
Score 0/32 Timer 07:00
0 Plays Today
Acronym Stands For % Correct
ESIElectrospray Ionisation
53.6%
Q-ToFQuadrupole - Time of Flight
50%
GCGas Chromatography
50%
LODLimit of detection
50%
TLCThin Layer Chromatography
46.4%
MALDIMatrix assisted Laser Desorption ionisation
39.3%
IMMSIon Mobility Mass Spectrometry
35.7%
FABFast Atom Bombardment
35.7%
LOQLimit of Quantitation
35.7%
MRMMultiple Reaction Monitoring
32.1%
DESIDesorption Electrospray Ionisation
28.6%
UPLCUltra Performance Liquid Chromatography
28.6%
APCIAtmospheric Pressure Chemical Ionisation
28.6%
SIMSSecondary ion Mass Spectrometry
25%
RFRadio Frequency
25%
MS/MSTandem Mass Spectrometry
25%
Acronym Stands For % Correct
DARTDirect Analysis in Real Time
21.4%
EESIExtractive Electrospray Ionisation
17.9%
ECDElectron Capture Dissociation
17.9%
SRMSelected Reaction Monitoring
17.9%
ASAPAtmospheric Solids Analysis Probe
14.3%
JeDIJet Desorption Ionisation
14.3%
ADCAnalogue to digital Converter
14.3%
TDCTime to digital Converter
14.3%
LITLinear Ion Trap
10.7%
ICRInductively Coupled Resonance
7.1%
NISTNational Institute of Standards and Technology
7.1%
TWIMSTravelling wave ion mobility spectrometry
7.1%
ATDArrival Time Distribution
7.1%
CIDCollion induced dissociation
3.6%
SIFTSelected Ion Flow Tube
3.6%
FAIMSHigh-Field asymmetric waveform ion mobility spectrometry
0%

You're not logged in!

Compare scores with friends on all Sporcle quizzes.
Join for Free
OR
Log In

You Might Also Like...

Show Comments

Extras

Created Aug 20, 2010ReportNominate

Top Quizzes Today


Score Distribution

Your Account Isn't Verified!

In order to create a playlist on Sporcle, you need to verify the email address you used during registration. Go to your Sporcle Settings to finish the process.

Report this User

Report this user for behavior that violates our Community Guidelines.

Details: